| 000 | 01451nam a2200229Ia 4500 | ||
|---|---|---|---|
| 999 |
_c53507 _d53507 |
||
| 001 | 20553 | ||
| 003 | GE_BSU | ||
| 005 | 20210329170646.0 | ||
| 008 | 181216s2017||||ge |||||||||||||| ||geo|| | ||
| 040 | _cGE_BSU | ||
| 041 | _ageo | ||
| 080 | _a63 დ-90 | ||
| 100 |
_aდუმბაძე, რუსუდან _910813 |
||
| 245 |
_aხორბლის ღეროს ჟანგას გენეტიკური და მოლეკულური პოლიმორფიზმი და დაავადებისადმი გამძლე გენოტიპების გამორჩევა / _cრუსუდან დუმბაძე; სამეცნ. ხელმძღვანელი ზოია სიხარულიძე; |
||
| 264 |
_aბათუმი, _c2017. |
||
| 300 |
_a158 გვ., _b30 სმ. |
||
| 653 | _aაგროეკოლოგია და სატყეო საქმე | ||
| 653 | _aდისერტაცია | ||
| 653 | _aხორბლის ღეროს ჟანგას გენეტიკური და მოლეკულური პოლიმორფიზმი და დაავადებისადმი გამძლე გენოტიპების გამორჩევა | ||
| 700 |
_aსიხარულიძე, ზოია _eმეცნ.ხელმძღვანელი _910758 |
||
| 942 |
_cBK _2udc |
||